| 000 | 00837nam a2200253 i 4500 | ||
|---|---|---|---|
| 001 | 16467 | ||
| 003 | ES-MaACL | ||
| 005 | 20240527195136.0 | ||
| 007 | t| | ||
| 008 | 000925s1977 sp |||| | spa d | ||
| 020 | _a84-235-0072-1 | ||
| 080 | _a821.134.2'282(460.22)"12/14" | ||
| 100 | 1 |
_aFritz, J. Reidy. _952697 |
|
| 245 | 1 | 0 |
_aDocumentos notariales aragoneses, 1258-1495 _b: estudio lingüístico / _cJ. Reidy Fritz. |
| 260 |
_aPamplona : _bInstitución Príncipe de Viana, _c1977. |
||
| 300 |
_a328 p. ; _c21 cm. |
||
| 490 | 1 | _aTextos medievales | |
| 650 | 1 | 4 |
_aLengua española- _zAragón (Reino) _9163203 |
| 650 | 4 |
_aLengua española- _yHasta S.XV. _9163204 |
|
| 710 | 2 |
_aInstitución Príncipe de Viana _94730 |
|
| 830 | 0 |
_aTextos medievales _9179970 |
|
| 852 |
_aES-MaACL _jG-2199 |
||
| 999 |
_c16467 _d16467 |
||